000 nam a22 7a 4500
999 _c8916
_d8916
008 180120b ||||| |||| 00| 0 eng d
100 _aSharma S. N
_95230
245 _aMental Mathematics
260 _aNew Delhi
_bGoyal Publication
_c2007